Central Library OPAC University of Rajshahi

Before the dawn / (Record no. 23455)

MARC details
000 -LEADER
fixed length control field 00847nam a2200265 a 4500
001 - CONTROL NUMBER
control field 23455
003 - CONTROL NUMBER IDENTIFIER
rucl marc code BD-RjUL
005 - DATE AND TIME OF LATEST TRANSACTION
control field 20211209000931.0
008 - FIXED-LENGTH DATA ELEMENTS--GENERAL INFORMATION
fixed length control field 140311s1987 hiub b s000 1 eng
020 ## - INTERNATIONAL STANDARD BOOK NUMBER
International Standard Book Number 0824809149 :
035 ## - SYSTEM CONTROL NUMBER
System control number (BD-RjUL)23520
040 ## - CATALOGING SOURCE
Original cataloging agency DLC
Transcribing agency DLC
Modifying agency DLC
-- BD-RjUL
Language of cataloging eng
041 1# - LANGUAGE CODE
Language code of text/sound track or separate title engjpn
082 00 - DEWEY DECIMAL CLASSIFICATION NUMBER
Classification number 895.634
Edition number 19
Author mark and year TOB 1987
100 1# - MAIN ENTRY--PERSONAL NAME
Personal name Shimazaki, Tōson,
Dates associated with a name 1872-1943.
9 (RLIN) 69506
245 10 - TITLE STATEMENT
Title Before the dawn /
Statement of responsibility, etc. Shimazaki Tōson ; translated by William E. Naff.
260 ## - PUBLICATION, DISTRIBUTION, ETC. (IMPRINT)
Place of publication, distribution, etc. Honolulu :
Name of publisher, distributor, etc. University of Hawaii Press,
Date of publication, distribution, etc. c1987.
300 ## - PHYSICAL DESCRIPTION
Pagination xxxiii, 798 p. :
Illustrations maps ;
Size 25 cm.
504 ## - BIBLIOGRAPHY, ETC. NOTE
Bibliography, etc Bibliography: p. [797-798].
650 #0 - SUBJECT ADDED ENTRY--TOPICAL TERM
Topical term or geographic name as entry element Japanese fiction
Form subdivision Translations into English.
Chronological subdivision 20th century
9 (RLIN) 72244
700 1# - ADDED ENTRY--PERSONAL NAME
Personal name Naff, William E.
942 ## - ADDED ENTRY ELEMENTS (KOHA)
Source of classification or shelving scheme Dewey Decimal Classification
Koha item type Books
Holdings
Lost status Source of classification or shelving scheme Damaged status Not for loan Collection code Permanent Location Current Location Shelving location Date acquired Source of acquisition Total Checkouts Full call number Date last seen Copy number Koha item type
  Dewey Decimal Classification     Non-fiction Central Library, University of Rajshahi Central Library, University of Rajshahi   13/02/2002 Japan foundation   895.634 TOB 1987 11/03/2014 C-2 Books